Chiapas y Soconusco : (Record no. 20242)

MARC details
000 -CABECERA
campo de control de longitud fija 00947nam a2200277 4500
003 - IDENTIFICADOR DEL NÚMERO DE CONTROL
campo de control OSt
005 - FECHA Y HORA DE LA ÚLTIMA TRANSACCIÓN
campo de control 20260601171005.0
008 - DATOS DE LONGITUD FIJA--INFORMACIÓN GENERAL
campo de control de longitud fija 260506b1996\\\\mx\|||||\||||\00|\0\spa\d
020 ## - NÚMERO INTERNACIONAL ESTÁNDAR DEL LIBRO
Número Internacional Estándar del Libro 9682988306
040 ## - FUENTE DE LA CATALOGACIÓN
Centro catalogador/agencia de origen ICI
Lengua de catalogación spa
Centro/agencia transcriptor ICI
041 ## - CÓDIGO DE LENGUA
Código de lengua del texto/banda sonora o título independiente spa
050 ## - SIGNATURA TOPOGRÁFICA DE LA BIBLIOTECA DEL CONGRESO
Número de clasificación F1249
Número de documento/Ítem L37 1996
100 #1 - ENTRADA PRINCIPAL--NOMBRE DE PERSONA
Nombre de persona Larráinzar, Manuel,
Término indicativo de función/relación autor
9 (RLIN) 32106
245 #1 - MENCIÓN DE TÍTULO
Título Chiapas y Soconusco :
Resto del título la cuestion de limites entre Mexico y Guatemala /
Mención de responsabilidad, etc. Manuel Larrainzar
264 ## - PRODUCCIÓN, PUBLICACIÓN, DISTRIBUCIÓN, FABRICACIÓN Y COPYRIGHT
Producción, publicación, distribución, fabricación y copyright México :
Nombre del de productor, editor, distribuidor, fabricante Gobierno del Estado de Chiapas
-- Consejo Nacional para la Cultura y las Artes,
Fecha de producción, publicación, distribución, fabricación o copyright 1996
300 ## - DESCRIPCIÓN FÍSICA
Extensión 125 páginas
336 ## - TIPO DE CONTENIDO
Término de tipo de contenido texto
Fuente rdacontent
337 ## - TIPO DE MEDIO
Nombre/término del tipo de medio sin medio
Fuente rdamedia
338 ## - TIPO DE SOPORTE
Nombre/término del tipo de soporte volumen
Fuente rdacarrier
490 #0 - MENCIÓN DE SERIE
Mención de serie Biblioteca básica del sureste
651 ## - PUNTO DE ACCESO ADICIONAL DE MATERIA--NOMBRE GEOGRÁFICO
Nombre geográfico Chiapas
Subdivisión general Historia
9 (RLIN) 27180
651 ## - PUNTO DE ACCESO ADICIONAL DE MATERIA--NOMBRE GEOGRÁFICO
Nombre geográfico oconusco (Chiapas : Región)
Subdivisión general Historia
9 (RLIN) 32107
651 ## - PUNTO DE ACCESO ADICIONAL DE MATERIA--NOMBRE GEOGRÁFICO
Nombre geográfico México
Subdivisión general Límites
Subdivisión geográfica Guatemala
9 (RLIN) 32108
651 ## - PUNTO DE ACCESO ADICIONAL DE MATERIA--NOMBRE GEOGRÁFICO
Nombre geográfico Guatemala
Subdivisión general Límites
Subdivisión geográfica México
9 (RLIN) 32109
942 ## - ELEMENTOS DE PUNTO DE ACCESO ADICIONAL (KOHA)
Fuente del sistema de clasificación o colocación Library of Congress Classification
Tipo de ítem Koha Libros
Suprimir en OPAC 1

No items available.